000 01465nam a22002657a 4500
005 20191224042223.0
008 150917t2015 ck |||||r|||| 00| 0 spa d
020 _a9789588902654
040 _aCO-BoIAVH
_cCO-BoIAVH
041 0 _aspa
044 _ack
082 0 4 _a307.77
_bP73p1
110 2 _aPrograma de las Naciones Unidas para el Desarrollo (PNUD)
245 1 _aMujeres de la Selva de Matavén
_bexperiencias para la promoción de su participación en la gobernanza indígena /
_cPrograma de las Naciones Unidas para el Desarrollo
260 _aColombia:
_bPrograma de las Naciones Unidas para el Desarrollo,
_bAcatisema,
_bInstituto de Investigación de Recursos Biológicos Alexander von Humboldt,
_bGuiana Shield Facility,
_c2015.
300 _a36 páginas :
_bmapas y fotografías a color ;
_c23 cm
500 _aProyecto regional fondo para la conservación del Escudo Guyanés-GSF Fortalecimiento de la gobernanza de las comunidades indígenas de la Selva de Matavén para la toma de decisiones participativas orientadas a la conservación del medio ambiente y la biodiversidad.
504 _aIncluye referencias bibliográficas (Página 36).
650 4 _aMujeres indígenas
650 6 _aMujeres indígenas
_xgobernanza
650 6 _aComunidades indígenas
_xTerritorio
650 4 _aComunidades indígenas
_xOrganización
651 4 _aColombia
_zVichada
_zSelva de Matavén
942 _2ddc
_cFolleto
_01
999 _c17779
_d17779